Classement FIBA: les 20 meilleures nations - Statistiques

Statistiques générales
  • Ce quiz a été pris 83 fois
  • Le résultat moyen est 16 sur 20
Statistiques - réponses
Classement Continent Nation % Correct
4 Europe France
99%
7 Europe Espagne
97%
1 Amérique États-Unis
97%
5 Amérique Canada
96%
2 Europe Allemagne
95%
8 Amérique Argentine
95%
6 Océanie Australie
95%
10 Amérique Brésil
95%
15 Europe Italie
88%
3 Europe Serbie
88%
13 Europe Grèce
87%
14 Europe Slovénie
83%
9 Europe Lituanie
79%
11 Europe Lettonie
76%
19 Europe Pologne
76%
12 Europe Turquie
76%
17 Europe Finlande
74%
18 Europe Monténégro
54%
20 Europe Géorgie
45%
16 Amérique Porto Rico
38%
Aucun quiz correspondant
Distribution des résultats
% des personnes avec chaque résultat
Percentile par nombre de réponses
Votre historique - résultats
Vous n’avez pas pris ce quiz